Teología de la revelación
Enregistré dans:
| Auteur principal: | |
|---|---|
| Format: | Livre |
| Langue: | espagnol |
| Publié: |
Salamanca
Sígueme
1966
|
| Sujets: | |
| Tags: |
Ajouter un tag
Pas de tags, Soyez le premier à ajouter un tag!
|
MARC
| LEADER | 00000nam a2200000 a 4500 | ||
|---|---|---|---|
| 001 | UCY4564 | ||
| 003 | CL-VaPUC | ||
| 008 | 950316e19660000SP |||||||||||||||||spa|d | ||
| 082 | 0 | 4 | |a 231.74 |b LAT |2 21 |
| 100 | |a Latourelle, René |e autor |9 531696 | ||
| 245 | 1 | 0 | |a Teología de la revelación |
| 300 | |a 581 p | ||
| 942 | |c BK | ||
| 945 | |d 19950316 00:00:00 |a aalvarez | ||
| 260 | |a Salamanca |b Sígueme |c 1966 | ||
| 600 | 0 | |a Jesús |9 313614 | |
| 650 | 0 | |a Revelación |9 313616 | |
| 583 | |a last modification |c 19950316 00:00:00 |k Rodrigo Vera | ||
| 999 | |c 232385 |d 232383 | ||
| 952 | |0 0 |1 0 |4 0 |6 231_740000000000000_LAT_1966 |7 0 |8 A |9 236592 |a BIBTEO |b BIBTEO |d 2019-11-15 |i 3067394 |o 231.74 LAT 1966 |p 3067394 |r 2025-01-17 |w 2019-11-15 |y BK |k ICR | ||